000 00932nam0a22002531 4500
001 rc\224088
005 20030307115756.4
010 _a5-7470-0104-3
_9100000
035 _a(NLR Aleph) 005477894
090 _a5100918
_c5100918
100 _a20030307d1990 u |0rusy50 ca
101 0 _arus
102 _aRU
105 _aa |||||||||
200 1 _aТысяча и одна ночь
_eИзбр. сказки
_f[Сост. и примеч. Б.Я. Шидфар]
_gПер. с араб. М.А. Салье
_g[Худож. О.К. Ампилогов]
210 _aКрасноярск
_cИзд-во Краснояр. ун-та
_d1990
215 _a381, [2] с.
_cил.
_d20
702 1 _aШидфар
_bБ. Я.
_gБетси Яковлевна
_4220
702 1 _aСалье
_bМ. А.
_gМихаил Александрович
_4730
801 0 _aRU
_bNLR
_gpsbo
801 1 _aRU
_bELAR
_2rusmarc
852 _aNLR
_j90-3/11152
942 _cBOOK
980 _aNB